[Event "Budapest Karacsonyi op 6th"]
[Site "Budapest"]
[Date "2014.12.28"]
[Round "2"]
[White "Ronyai, Imre"]
[Black "Kovolgyi, Krisztian"]
[Result "0-1"]
[WhiteElo "1537"]
[BlackElo "1738"]
[PlyCount "58"]
[EventDate "2014.12.27"]
[EventType "swiss"]
[EventRounds "7"]
[EventCountry "HUN"]
[SourceTitle "EXT 2020"]
[Source "ChessBase"]
[SourceDate "2019.10.17"]
[SourceVersion "1"]
[SourceVersionDate "2019.10.17"]
[SourceQuality "1"]

1. e4 e5 2. Nf3 Nc6 3. Bb5 a6 4. Ba4 Nf6 5. 0-0 b5 6. Bb3 Bc5 7. c3 0-0 8. Re1 d6 9. d4 Ba7 10. Bg5 h6 11. Bh4 Bg4 12. d5 Nb8 13. Nbd2 Nbd7 14. h3 Bh5 15. g4 Bg6 16. Bc2 Qc8 17. Nh2 Nh7 18. Kg2 c6 19. Qf3 cxd5 20. Be7 Re8 21. Bh4 Ng5 22. Qd1 Qc6 23. Bxg5 hxg5 24. Nhf3 Re6 25. exd5 Qxd5 26. Bxg6 Rxg6 27. Ne4 Qc6 28. Kh2 d5 29. Nexg5 e4 0-1

[Event "Budapest Karacsonyi op 3rd"]
[Site "Budapest"]
[Date "2011.12.29"]
[Round "5"]
[White "Koltai, Daniel"]
[Black "Kovolgyi, Krisztian"]
[Result "0-1"]
[WhiteElo "1422"]
[BlackElo "1762"]
[PlyCount "58"]
[EventDate "2011.12.27"]
[EventType "swiss"]
[EventRounds "7"]
[EventCountry "HUN"]
[SourceTitle "EXT 2020"]
[Source "ChessBase"]
[SourceDate "2019.10.17"]
[SourceVersion "1"]
[SourceVersionDate "2019.10.17"]
[SourceQuality "1"]

1. e4 e5 2. Nf3 Nc6 3. Bb5 Bc5 4. Nxe5 Bxf2+ 5. Kxf2 Nxe5 6. d3 c6 7. Ba4 d6 8. Rf1 Nf6 9. Kg1 Qb6+ 10. Kh1 Bg4 11. Qe1 0-0 12. Nc3 Qc7 13. Rxf6 gxf6 14. Bh6 Kh8 15. Bxf8 Rxf8 16. Qf2 Rg8 17. Qxf6+ Rg7 18. Qf2 Bh5 19. Bb3 Ng4 20. Qxa7 c5 21. Nd5 Qd8 22. g3 Nf2+ 23. Kg2 Qg5 24. Qxb7 Qd2 25. Qc8+ Rg8 26. Qf5 Ng4+ 27. Kf1 Nxh2+ 28. Kg1 Rxg3+ 29. Kh1 Qg2# 0-1